| 000 | 01316nam a2200385 i 4500 | ||
|---|---|---|---|
| 001 | 46483 | ||
| 003 | ES-MaCES | ||
| 005 | 20250526142649.0 | ||
| 007 | cr ||||||||||| | ||
| 008 | 150929s2015 sp l 000 | spa d | ||
| 017 |
_aNA 1383-2015 _bDL |
||
| 020 | _a9788447051021 | ||
| 040 |
_aES-MaCES _bspa _cES-MaCES |
||
| 110 | 1 |
_aEspaña _tEstatuto de los Trabajadores, 1995. Texto Refundido _92877 |
|
| 245 | 1 | 0 | _aEstatuto de los Trabajadores |
| 250 | _a26ª ed | ||
| 260 |
_aCizur Menor (Navarra) _bCivitas-Thomson Reuters _c2015 |
||
| 300 |
_a162 p. _c17 cm |
||
| 490 | 0 |
_aBiblioteca de legislación _v90. Serie menor |
|
| 500 | _aÍndices | ||
| 500 | _aDisponible en formato electrónico mediante la aplicación PROVIEW | ||
| 541 | _cCompra | ||
| 650 | 4 |
_aEstatuto de los Trabajadores _930784 |
|
| 650 | 4 |
_alegislación del trabajo _927166 |
|
| 650 | 4 |
_aEspaña _926964 |
|
| 650 | 4 |
_areforma legislativa _929892 |
|
| 650 | 4 |
_atexto _929624 |
|
| 653 | 1 | 0 | _aLegislación |
| 775 | 0 |
_tEstatuto de los Trabajadores _w(ES-MaCES)44242 |
|
| 830 | 0 |
_aBiblioteca de legislación _v90 _932132 |
|
| 830 | 0 |
_aBiblioteca de legislación _pSerie menor _932133 |
|
| 856 | 4 |
_uhttps://legalteca.aranzadilaley.es/my-library?sponsor=82111144-IP _yLegalteca |
|
| 902 | _aLIB Libro | ||
| 942 |
_2CES _cBK _h6.1. |
||
| 999 |
_c46483 _d46483 |
||